|
|
|
|
| LEADER |
01148cam a2200313 a 4500 |
| 001 |
1095 |
| 003 |
BD-DhAAL |
| 005 |
20150922094649.0 |
| 008 |
150922s1994 ii a b 001 0 eng |
| 010 |
|
|
|a 94904047
|
| 020 |
|
|
|a 0195641922
|
| 020 |
|
|
|a 0195631013 :
|c Rs340.00
|
| 025 |
|
|
|a I-E-74246
|
| 040 |
|
|
|a DLC
|c DLC
|d DLC
|d BD-DhAAL
|
| 050 |
0 |
0 |
|a HD2072
|b .A624 1994
|
| 082 |
|
|
|a 362.280888630954
|
| 245 |
0 |
0 |
|a Agrarian questions /
|c edited by Kaushik Basu.
|
| 260 |
|
|
|a Delhi ;
|a New York :
|b Oxford University Press,
|c 1994.
|
| 300 |
|
|
|a 251 p. :
|b ill. ;
|c 22 cm.
|
| 490 |
|
|
|a Oxford in India readings.
|
| 504 |
|
|
|a Includes bibliographical references and indexes.
|
| 520 |
|
|
|a Contributed articles.
|
| 541 |
|
|
|e 1095
|
| 650 |
|
0 |
|a Agriculture
|x Economic aspects
|z India
|9 14436
|
| 650 |
|
0 |
|a Agriculture and State
|z India.
|9 14980
|
| 700 |
1 |
|
|a Basu, Kaushik.
|9 14981
|
| 942 |
|
|
|2 ddc
|c BK
|
| 999 |
|
|
|c 35643
|d 35643
|
| 952 |
|
|
|0 0
|1 0
|2 ddc
|4 0
|6 362_280888630954000_AGR
|7 0
|9 56055
|a SCL
|b SCL
|c GEN
|d 2015-09-22
|g 112.00
|l 0
|o 362.280888630954 AGR
|p 3020001095
|r 2015-09-22
|t 1
|w 2015-09-22
|y BK
|x 'The mentioned price is BDT conversion, actual price was RS95'
|